Central Library OPAC University of Rajshahi

The great Gatsby / (Record no. 24209)

MARC details
000 -LEADER
fixed length control field 00899nam a2200277 a 4500
001 - CONTROL NUMBER
control field 24209
003 - CONTROL NUMBER IDENTIFIER
rucl marc code BD-RjUL
005 - DATE AND TIME OF LATEST TRANSACTION
control field 20211209001024.0
008 - FIXED-LENGTH DATA ELEMENTS--GENERAL INFORMATION
fixed length control field 161017s1953 ii 000 1 eng
035 ## - SYSTEM CONTROL NUMBER
System control number (BD-RjUL)24275
040 ## - CATALOGING SOURCE
Original cataloging agency DLC
Transcribing agency DLC
Modifying agency DLC
-- BD-RjUL
Language of cataloging eng
041 ## - LANGUAGE CODE
Language code of text/sound track or separate title eng
082 04 - DEWEY DECIMAL CLASSIFICATION NUMBER
Edition number 23
Classification number 813.52
Author mark and year FIG 1953
100 1# - MAIN ENTRY--PERSONAL NAME
Personal name Fitzgerald, F. Scott
Fuller form of name (Francis Scott),
Dates associated with a name 1896-1940.
9 (RLIN) 74566
245 14 - TITLE STATEMENT
Title The great Gatsby /
Statement of responsibility, etc. F Scott Fitzgerald.
260 ## - PUBLICATION, DISTRIBUTION, ETC. (IMPRINT)
Place of publication, distribution, etc. New Delhi ;
-- New York:
Name of publisher, distributor, etc. Eurasia;
-- Charles Scribner's Sons,
Date of publication, distribution, etc. c1953.
300 ## - PHYSICAL DESCRIPTION
Pagination 182 p. ;
Size 21 cm.
650 #0 - SUBJECT ADDED ENTRY--TOPICAL TERM
Topical term or geographic name as entry element Traffic accidents
Form subdivision Fiction.
9 (RLIN) 74567
Topical term or geographic name as entry element Married women
Form subdivision Fiction.
9 (RLIN) 56047
Topical term or geographic name as entry element First loves
Form subdivision Fiction.
9 (RLIN) 74568
Topical term or geographic name as entry element Rich people
Form subdivision Fiction.
9 (RLIN) 42420
Topical term or geographic name as entry element Mistresses
Form subdivision Fiction.
9 (RLIN) 74569
Topical term or geographic name as entry element Revenge
Form subdivision Fiction.
9 (RLIN) 74570
651 #0 - SUBJECT ADDED ENTRY--GEOGRAPHIC NAME
Geographic name Long Island (N.Y.)
Form subdivision Fiction.
9 (RLIN) 42528
942 ## - ADDED ENTRY ELEMENTS (KOHA)
Source of classification or shelving scheme Dewey Decimal Classification
Koha item type Books
Holdings
Lost status Source of classification or shelving scheme Damaged status Not for loan Collection code Permanent Location Current Location Shelving location Date acquired Source of acquisition Cost, normal purchase price Total Checkouts Full call number Date last seen Date checked out Copy number Koha item type
  Dewey Decimal Classification     Non-fiction Central Library, University of Rajshahi Central Library, University of Rajshahi   14/07/1976 U.S.I.S 0.00 6 813.52 FIG 1953 06/06/2024 23/05/2024 C-3. Books
  Dewey Decimal Classification     Non-fiction Central Library, University of Rajshahi Central Library, University of Rajshahi   14/07/1976 U.S.I.S. 0.00   813.52 FIG 1953 18/10/2016   C-2 Books
  Dewey Decimal Classification   Not For Loan Non-fiction Central Library, University of Rajshahi Central Library, University of Rajshahi Reading Room 20/02/2020       813.52 FIG 1953 20/02/2020   C-1 Books